000 00592nam a2200229Ia 4500
003 OSt
005 20220923220905.0
006 a|||||r|||| 00| 0
007 ta
008 220922b |||||||| |||| 00| 0 hin d
024 _a191,927
037 _cTextual
040 _aARTS
_cARTS
_bhin
041 _2hin
_ahin
082 _aS, 152H9,H9
100 _aसरकार, जे0 के0
245 0 _aमनोविद्या
246 _ahinovidyā
260 _c1949
942 _hS, 152H9,H9
_cTEXL
_2CC
999 _c344580
_d344580